| 000 -LEADER |
| fixed length control field |
01668nam a2200313 i 4500 |
| 003 - CONTROL NUMBER IDENTIFIER |
| control field |
OSt |
| 005 - DATE AND TIME OF LATEST TRANSACTION |
| control field |
20230125174515.0 |
| 008 - FIXED-LENGTH DATA ELEMENTS--GENERAL INFORMATION |
| fixed length control field |
170823s2017 nyua j 000 1 eng d |
| 020 ## - INTERNATIONAL STANDARD BOOK NUMBER |
| International Standard Book Number |
9780316320481 |
| 040 ## - CATALOGING SOURCE |
| Original cataloging agency |
DLC |
| Language of cataloging |
eng |
| Description conventions |
rda |
| Transcribing agency |
DLC |
| Modifying agency |
CaOL |
| -- |
KH8 |
| 082 ## - DEWEY DECIMAL CLASSIFICATION NUMBER |
| Classification number |
FIC BOS |
| 100 1# - MAIN ENTRY--PERSONAL NAME |
| Personal name |
Bosch, Pseudonymous, |
| Relator term |
author. |
| 245 10 - TITLE STATEMENT |
| Title |
Bad news / |
| Statement of responsibility, etc. |
Pseudonymous Bosch ; illustrations by Juan Manuel Moreno. |
| 264 #1 - PRODUCTION, PUBLICATION, DISTRIBUTION, MANUFACTURE, AND COPYRIGHT NOTICE |
| Place of production, publication, distribution, manufacture |
New York : |
| Name of producer, publisher, distributor, manufacturer |
Little, Brown and Company, |
| Date of production, publication, distribution, manufacture, or copyright notice |
2017. |
| 300 ## - PHYSICAL DESCRIPTION |
| Extent |
342 pages : |
| Other physical details |
illustrations ; |
| Dimensions |
20 cm. |
| 336 ## - CONTENT TYPE |
| Content type term |
text |
| Source |
rdacontent. |
| 337 ## - MEDIA TYPE |
| Media type term |
unmediated |
| Source |
rdamedia. |
| 338 ## - CARRIER TYPE |
| Carrier type term |
volume |
| Source |
rdacarrier. |
| 490 1# - SERIES STATEMENT |
| Series statement |
Bad books ; |
| Volume/sequential designation |
3. |
| 520 ## - SUMMARY, ETC. |
| Summary, etc. |
"The can't-miss final installment of beloved author Pseudonymous Bosch's bestselling Bad Books trilogy! At Earth Ranch, Clay encountered a haunted library, a castaway boy, and a fire-breathing dragon--not to mention incredible magic. Now he faces his most dangerous foes yet: the mysterious white-gloved members of the Midnight Sun, whose scheming leads Clay to a dragon reserve. Up against impossible odds, will Clay and his Secret Series Allies be able to triumph over these villains once and for all? Packed with action, humor, magic, mystery, and dragons, Pseudonymous Bosch answers long-simmering questions as he delivers his most exciting adventure yet"--Provided by publisher. |
| 650 #0 - SUBJECT ADDED ENTRY--TOPICAL TERM |
| Topical term or geographic name entry element |
Dragons |
| Form subdivision |
Juvenile fiction. |
| 650 #0 - SUBJECT ADDED ENTRY--TOPICAL TERM |
| Topical term or geographic name entry element |
Camps |
| Form subdivision |
Juvenile fiction. |
| 650 #0 - SUBJECT ADDED ENTRY--TOPICAL TERM |
| Topical term or geographic name entry element |
Magic |
| Form subdivision |
Juvenile fiction. |
| 655 #7 - INDEX TERM--GENRE/FORM |
| Genre/form data or focus term |
Action and adventure fiction. |
| Source of term |
lcgft. |
| 655 #0 - INDEX TERM--GENRE/FORM |
| Genre/form data or focus term |
Fantasy fiction. |
| 700 1# - ADDED ENTRY--PERSONAL NAME |
| Personal name |
Moreno, Juan Manuel, |
| Dates associated with a name |
1972- |
| Relator term |
illustrator. |
| 830 #0 - SERIES ADDED ENTRY--UNIFORM TITLE |
| Uniform title |
Bad books ; |
| Volume/sequential designation |
3. |
| 942 ## - ADDED ENTRY ELEMENTS (KOHA) |
| Source of classification or shelving scheme |
|
| Koha item type |
Books - Non Ficton |